000 00491nam a2200181Ia 4500
999 _c16626
_d16626
003 OSt
005 20200606115949.0
008 190216s9999||||xx |||||||||||||| ||und||
020 _a818846418X
040 _cMESKC library
082 _a954
_bSHU/B
100 _aGupta, Vibha
_9204
245 0 _aBharat Ki Sannariyan /
_cVibha Gupta
260 _bJahanvi Prakashan,
_c2010.
_aDelhi:
300 _a160p
650 _aHindi
942 _cBK
_2ddc
_h954
_iSHU/B
_k954
_mSHU/B